000
00365nam a22001217a 4500
040
_c
SY
082
_a
62
100
_a
DANIDA
245
_a
វិធីសាស្រ្តការអភិវឌ្ឍន៍ និងបរិស្ថានសាស្រ្តរបស់គ្រាប់ពូជ
260
_a
RUA
_b
DAN
_c
2002
300
_a
29p.
942
_c
KB
999
_c
9552
_d
9552